000 00734nam a2200241 a 4500
001 BRCA_4130
005 20190320204544.0
008 140410s1900----mx-a######---#000-0#spa-#
041 _aspa
044 _amx
050 4 _aF1226
_b.P47 1900
100 1 _aPereyra, Carlos
_d1871-1943
_910665
245 1 0 _aHistoria del pueblo mejicano
_cCarlos Pereyra.
260 _aMéjico
_bJ. Ballescá
_c[1900]
300 _a2 v.
_bil.
_c18 cm.
500 _aIncluye índice de grabados e índice de materias
500 _aLa biblioteca solo cuenta con el v.1
500 _aC158
505 0 _aContenido: v.1. Orígenes y formación. -- v.2. La organización política
651 4 _aMéxico
_xHistoria
_9614
902 _aGFM
942 _2lcc
_cB
999 _c3846
_d3846